000
00231nam a22000857a 4500
008
161021b xxu||||| |||| 00| 0 eng d
100
_9
912
_a
Tripp.V.
245
_a
Molly Learns A Leason
260
_a
America
_b
Pleasent.com Publications
_c
1986
999
_c
3566
_d
3566